00692 2200253 4500001002100000005001500021035002000036007000300056008004100059020002200100082001600122084002300138100002300161245005200184250001100236260003600247300002900283650004000312504003400352990001300386990001300399990001300412990001300425INLIS00000000000785120220222045903 a0010-0222000133ta220222 g 0 ind  a978-602-262-995-5 a899.221 072 a899.221 072 SUW m0 aSuwardi Endraswara1 aMETODOLOGI ZOOLOGI SASTRA /cSuwardi Endraswara acet. 1 aYogyakarta :bGraha Ilmu,c2019 a340 hlm :bilus ;c24 cm 4aKesusastraan Indonesia - Penelitian aBibliografi : halaman 329-340 a022.5630 a022.5633 a022.5632 a022.5631